000 00299nam a2200121Ia 4500
008 240126s9999 xx 000 0 und d
041 _aEnglish
245 0 _aSys Admin : ceased publication (2002 - Aug.2007)
260 _bCMP Media
440 _aNULL
650 _aSys,Admin,(2002,-
942 _cJN
999 _c253015
_d253015